000 00659nam a2200241Ia 4500
003 OSt
005 20220926042912.0
006 a|||||r|||| 00| 0
007 ta
008 220923b |||||||| |||| 00| 0 eng d
037 _cGeneral Book
040 _aRTL
_cRTL
_beng
041 _2eng
_aeng
082 _aF53.1.N6, K3.1
100 _aPeterson Martin S Ed.
_9346930
245 0 _aFood technology the world ever
260 _c1963
490 _vV1
650 _aTechnology
700 _a Tressler Donald K Ed.
_9346931
942 _hF53.1.N6, K3.1
_cGB
_2CC
999 _c670884
_d670884